路線名 一覧クイズ 神奈川県 - Statistics

General Stats
  • This quiz has been taken 435 times
  • The average score is 27 of 33
Answer Stats
事業者名 答え 区間 % Correct
JR東日本 東海道本線 川崎~湯河原 武蔵小杉~鶴見
97%
JR東日本 横浜線 東神奈川~長津田 古淵~橋本
97%
JR東海 東海道新幹線 新横浜~小田原
94%
JR東日本 横須賀線 久里浜~大船(全線)
94%
横浜市交通局 ブルーライン 湘南台~あざみ野(全線)
94%
JR東日本 相模線 茅ケ崎~橋本(全線)
93%
横浜市交通局 グリーンライン 中山~日吉(全線)
93%
JR東海 御殿場線 国府津~谷峨
92%
JR東日本 南武線 川崎~稲田堤 尻手~浜川崎
92%
小田急電鉄 小田原線 登戸~柿生 相模大野~小田原
91%
京急電鉄 本線 京急川崎~浦賀
91%
東急電鉄 東横線 武蔵小杉~横浜
90%
JR東日本 鶴見線 鶴見~扇町(全線) 浅野~海芝浦(全線) 安善~大川(全線)
88%
JR東日本 根岸線 横浜~大船(全線)
88%
東急電鉄 田園都市線 二子新地~長津田 つきみ野~中央林間
88%
小田急電鉄 江ノ島線 相模大野~片瀬江ノ島(全線)
87%
京王電鉄 相模原線 京王稲田堤・若葉台・橋本
84%
小田急電鉄 多摩線 新百合ヶ丘~はるひ野
83%
相模鉄道 相鉄本線 横浜~海老名(全線)
83%
京急電鉄 大師線 京急川崎~小島新田(全線)
79%
京急電鉄 久里浜線 堀ノ内~三崎口(全線)
77%
京急電鉄 逗子線 金沢八景~逗子・葉山(全線)
77%
東急電鉄 こどもの国線 長津田~こどもの国(全線)
77%
中小私鉄② 江ノ島電鉄線(江ノ島電鉄) 藤沢~鎌倉(全線)
76%
相模鉄道 相鉄新横浜線 西谷~新横浜(全線)
74%
東急電鉄 東急新横浜線 新横浜~日吉(全線)
74%
三セク② みなとみらい線(横浜高速鉄道) 横浜~元町・中華街(全線)
72%
相模鉄道 相鉄いずみ野線 二俣川~湘南台(全線)
72%
中小私鉄① 江の島線(湘南モノレール) 大船~湘南江の島(全線)
72%
中小私鉄④ 鉄道線(小田急箱根) 箱根湯本~強羅(全線)
71%
中小私鉄③ 大雄山線(伊豆箱根鉄道) 小田原~大雄山(全線)
67%
JR東日本 中央本線 相模湖~藤野
66%
三セク① 金沢シーサイドライン(横浜シーサイドライン) 新杉田~金沢八景(全線)
52%
No matching quizzes found
Score Distribution
Percent of People with Each Score
Percentile by Number Answered
Your Score History
You have not taken this quiz